Технологические маршруты и нормы времени на изготовление режущего инструмента. 6: Плашки к резьбонарезным головкам (Запись № 13626302)

Подробности
000 -МАРКЕР
контрольное поле 01639nam2a2200253 4500
001 - ИДЕНТИФИКАТОР ЗАПИСИ
контрольное поле rc\3056010
005 - ИДЕНТИФИКАТОР ВЕРСИИ
контрольное поле 20260315070338.0
035 ## - ДРУГИЕ СИСТЕМНЫЕ НОМЕРА
Идентификатор записи (NLR Aleph) 007195210
100 ## - ДАННЫЕ ОБЩЕЙ ОБРАБОТКИ
Данные общей обработки 20090823d1946 u y0rusy50 ca
101 0# - ЯЗЫК РЕСУРСА
Язык текста, звукозаписи и т.д. русский
102 ## - СТРАНА ПУБЛИКАЦИИ ИЛИ ПРОИЗВОДСТВА
Страна публикации Российская Федерация
105 ## - ПОЛЕ КОДИРОВАННЫХ ДАННЫХ: ТЕКСТОВЫЕ МАТЕРИАЛЫ, МОНОГРАФИЧЕСКИЕ
Кодированные данные о монографическом текстовом документе a z |||||
200 1# - ЗАГЛАВИЕ И СВЕДЕНИЯ ОБ ОТВЕТСТВЕННОСТИ
Основное заглавие Плашки к резьбонарезным головкам
Первые сведения об ответственности [Подгот. к печати с внесением доп. и изм. канд. техн. наук доц. С.Д. Тишин и инж. Д.В. Михайлов]
Последующие сведения об ответственности Министерство станкостроения СССР. Бюро техн. нормативов
210 ## - ПУБЛИКАЦИЯ, РАСПРОСТРАНЕНИЕ И ДР.
Дата издания, распространения и т.д. 1946
215 ## - ФИЗИЧЕСКАЯ ХАРАКТЕРИСТИКА
Специфическое обозначение материала и объем 80 с.
Другие сведения о физической характеристике черт.
461 #0 - УРОВЕНЬ НАБОРА
Встроенное поле 001rc\3056004
-- 2001#$aТехнологические маршруты и нормы времени на изготовление режущего инструмента$e1-$fНар. ком. станкостроения СССР. Бюро техн. нормативов$v6
Системный номер (АБИС) связанной записи 7577480
Автор СССР. Народный комиссариат станкостроения
Место публикации Москва
Дата публикации 1945
Первые сведения об ответственности Нар. ком. станкостроения СССР. Бюро техн. нормативов
Имя издателя, распространителя и т.д. Машгиз
Сведения, относящиеся к заглавию 1-
Заглавие Технологические маршруты и нормы времени на изготовление режущего инструмента
Номер тома 6
702 #1 - ИМЯ ЛИЦА - ВТОРИЧНАЯ ОТВЕТСТВЕННОСТЬ
Начальный элемент ввода Тишин
Часть имени, кроме начального элемента ввода С.Д.
Расширение инициалов личного имени Сергей Дмитриевич
Код отношения Редактор
702 #1 - ИМЯ ЛИЦА - ВТОРИЧНАЯ ОТВЕТСТВЕННОСТЬ
Начальный элемент ввода Михайлов
Часть имени, кроме начального элемента ввода Д.В.
Расширение инициалов личного имени Дмитрий Васильевич
Код отношения Редактор
801 #0 - ИСТОЧНИК ЗАПИСИ
Страна Российская Федерация
Организация NLR
Правила каталогизации psbo
801 #1 - ИСТОЧНИК ЗАПИСИ
Страна Российская Федерация
Организация ELAR
Источник данных rusmarc
852 ## - МЕСТОНАХОЖДЕНИЕ И ШИФР ХРАНЕНИЯ
Идентификатор организации NLR
Шифр хранения (Call Number) Т36 Г-6/222
942 ## - ДОПОЛНИТЕЛЬНЫЕ ЭЛЕМЕНТЫ ЗАПИСИ (АБИС)
Тип экземпляра АБИС Неопределено
980 ## - КОЛЛЕКЦИЯ
Название коллекции Национальная библиография

Нет доступных экземпляров.